[Event "Noale Szabados Memorial-B 5th"]
[Site "Noale"]
[Date "2012.02.05"]
[Round "5"]
[White "Daccico, Gianni"]
[Black "Franceschini, Corrado"]
[Result "1/2-1/2"]
[WhiteElo "1650"]
[BlackElo "1845"]
[PlyCount "53"]
[EventDate "2012.02.03"]
[EventType "swiss"]
[EventRounds "5"]
[EventCountry "ITA"]
[SourceTitle "EXT 2022"]
[Source "ChessBase"]
[SourceDate "2021.10.06"]
[SourceVersion "1"]
[SourceVersionDate "2021.10.06"]
[SourceQuality "1"]

1. e4 c5 2. d3 g6 3. Nf3 Bg7 4. g3 d6 5. Bg2 Nf6 6. 0-0 Nc6 7. Re1 Qc7 8. Be3 Ng4 9. c3 Nxe3 10. Rxe3 Qb6 11. Re2 Bd7 12. a3 a5 13. Rc2 a4 14. Nbd2 Na5 15. Nc4 Nxc4 16. dxc4 Bc6 17. Qe1 Qc7 18. Qe3 b6 19. Re1 Qb7 20. Rce2 0-0 21. h4 h5 22. Nh2 f5 23. f4 fxe4 24. Bxe4 Bxe4 25. Qxe4 Qxe4 26. Rxe4 e5 27. Rd1 1/2-1/2

[Event "Noale Szabados Memorial-B 5th"]
[Site "Noale"]
[Date "2012.02.05"]
[Round "4"]
[White "Tomio, Dante"]
[Black "Franceschini, Corrado"]
[Result "1-0"]
[WhiteElo "1792"]
[BlackElo "1845"]
[PlyCount "115"]
[EventDate "2012.02.03"]
[EventType "swiss"]
[EventRounds "5"]
[EventCountry "ITA"]
[SourceTitle "EXT 2022"]
[Source "ChessBase"]
[SourceDate "2021.10.06"]
[SourceVersion "1"]
[SourceVersionDate "2021.10.06"]
[SourceQuality "1"]

1. d4 Nf6 2. Nf3 g6 3. c4 Bg7 4. Nc3 d6 5. e4 0-0 6. Be2 e5 7. 0-0 Nc6 8. d5 Ne7 9. Ne1 Nd7 10. Be3 f5 11. f3 Kh8 12. Nd3 f4 13. Bf2 b6 14. b4 a5 15. a3 Nf6 16. c5 bxc5 17. bxc5 g5 18. cxd6 cxd6 19. Nb5 Ne8 20. Rc1 Bd7 21. Nb2 Rf6 22. a4 Bf8 23. Nc4 Nc8 24. Be1 h5 25. Bc3 Rg6 26. Bxe5+ dxe5 27. Nxe5 Rg7 28. Qb3 Qb6+ 29. Kh1 Ncd6 30. Nxd7 Rxd7 31. Rc6 Qe3 32. Qc2 Bg7 33. Rb1 Rb8 34. Rb3 Qf2 35. Rb1 Nxb5 36. axb5 Qd4 37. Rc8 Rdb7 38. Qc6 Qe5 39. Rxb8 Qxb8 40. Qg6 Qd8 41. Qxh5+ Kg8 42. d6 Nxd6 43. Rd1 Qe7 44. Qg6 Rb6 45. Rd5 Nc8 46. Qh5 Rd6 47. Rxg5 Nb6 48. Qg4 a4 49. e5 Rd2 50. h4 a3 51. Bc4+ Nxc4 52. Qc8+ Rd8 53. Qxc4+ Kh7 54. Qe4+ Kh8 55. Rh5+ Kg8 56. Qh7+ Kf8 57. Rf5+ Ke8 58. Qg6+ 1-0

[Event "Mogliano Veneto op-B 31st"]
[Site "Mogliano Veneto"]
[Date "2010.05.02"]
[Round "4"]
[White "Franceschini, Corrado"]
[Black "Rossi, Gianni"]
[Result "0-1"]
[WhiteElo "1817"]
[BlackElo "1886"]
[PlyCount "86"]
[EventDate "2010.04.30"]
[EventType "swiss"]
[EventRounds "5"]
[EventCountry "ITA"]
[SourceTitle "EXT 2023"]
[Source "ChessBase"]
[SourceDate "2022.10.05"]
[SourceVersion "1"]
[SourceVersionDate "2022.10.05"]
[SourceQuality "1"]

1. e4 Nf6 2. e5 Nd5 3. d4 d6 4. Bc4 c6 5. Nf3 g6 6. 0-0 Bg7 7. exd6 Qxd6 8. Re1 0-0 9. c3 Bg4 10. h3 Bxf3 11. Qxf3 e6 12. b3 b5 13. Bxd5 Qxd5 14. Qxd5 cxd5 15. Bb2 Nc6 16. Nd2 b4 17. Nf3 Rfc8 18. Rac1 bxc3 19. Bxc3 a5 20. a3 Bh6 21. Rb1 Bf8 22. b4 axb4 23. axb4 Na5 24. Rec1 Nc4 25. Rb3 Bh6 26. Rcb1 Na3 27. Ra1 Nb5 28. Rxa8 Rxa8 29. Kf1 Rc8 30. Bb2 Bg7 31. Ke1 Rc2 32. g4 Rc4 33. Nd2 Nxd4 34. Bxd4 Rc1+ 35. Ke2 Bxd4 36. b5 Bb6 37. Rb2 Rc5 38. Nf3 f6 39. h4 Rc4 40. g5 Kf7 41. gxf6 Kxf6 42. Rb3 e5 43. Rb1 h6 0-1

[Event "Mogliano Veneto op-B 31st"]
[Site "Mogliano Veneto"]
[Date "2010.05.01"]
[Round "3"]
[White "Zamengo, Fulvio"]
[Black "Franceschini, Corrado"]
[Result "0-1"]
[WhiteElo "1907"]
[BlackElo "1817"]
[PlyCount "48"]
[EventDate "2010.04.30"]
[EventType "swiss"]
[EventRounds "5"]
[EventCountry "ITA"]
[SourceTitle "EXT 2023"]
[Source "ChessBase"]
[SourceDate "2022.10.05"]
[SourceVersion "1"]
[SourceVersionDate "2022.10.05"]
[SourceQuality "1"]

1. e4 c5 2. Nf3 d6 3. d4 cxd4 4. Nxd4 Nf6 5. Nc3 a6 6. Bc4 e6 7. Be3 Qc7 8. Bb3 Nc6 9. Qe2 Be7 10. g4 Na5 11. g5 Nxb3 12. gxf6 Nxd4 13. fxg7 Nxc2+ 14. Qxc2 Rg8 15. Rg1 Bf6 16. Bh6 d5 17. exd5 Qxh2 18. Kf1 Qxh6 19. dxe6 Qh3+ 20. Ke1 Qxe6+ 21. Kd2 Qd6+ 22. Kc1 Qf4+ 23. Kb1 Bf5 24. Ne4 Qxe4 0-1

[Event "Venice Province-ch 70th"]
[Site "Venice Mestre"]
[Date "2010.01.29"]
[Round "1"]
[White "Bellon, Antonio"]
[Black "Franceschini, Corrado"]
[Result "0-1"]
[WhiteElo "1446"]
[BlackElo "1788"]
[PlyCount "120"]
[EventDate "2010.01.29"]
[EventType "swiss"]
[EventRounds "5"]
[EventCountry "ITA"]
[SourceTitle "EXT 2022"]
[Source "ChessBase"]
[SourceDate "2021.10.06"]
[SourceVersion "1"]
[SourceVersionDate "2021.10.06"]
[SourceQuality "1"]

1. e4 c5 2. Nf3 d6 3. c3 Nf6 4. d3 Nc6 5. Be3 Ng4 6. Qd2 Nxe3 7. Qxe3 g6 8. d4 cxd4 9. cxd4 Bg7 10. h3 Qb6 11. Qd2 Nxd4 12. Nxd4 Bxd4 13. Nc3 Bd7 14. Nd5 Qxb2 15. Qxb2 Bxb2 16. Rb1 Bd4 17. Nc7+ Kd8 18. Nxa8 Kc8 19. Rc1+ Bc6 20. Bb5 Kd7 21. Bxc6+ bxc6 22. Ke2 Rxa8 23. Rc4 e5 24. Rb1 Rc8 25. Rcb4 Bb6 26. g3 Ke6 27. a4 f5 28. f3 d5 29. Ra1 fxe4 30. fxe4 Rf8 31. exd5+ cxd5 32. a5 Bd4 33. Rc1 Rf2+ 34. Kd1 Rh2 35. h4 Rg2 36. Rxd4 exd4 37. Rc7 Rxg3 38. Rxh7 Rh3 39. a6 g5 40. Rh6+ Kf5 41. hxg5 Rxh6 42. gxh6 Kg6 43. h7 Kxh7 44. Kd2 Kg6 45. Kd3 Kf6 46. Kxd4 Ke6 47. Kc5 Ke5 48. Kc6 d4 49. Kb7 d3 50. Kxa7 d2 51. Ka8 d1Q 52. a7 Kd6 53. Kb7 Qd5+ 54. Kb8 Qb5+ 55. Ka8 Qa6 56. Kb8 Qb6+ 57. Ka8 Qc6+ 58. Kb8 Kd7 59. a8N Qc8+ 60. Ka7 Kc6 0-1

[Event "Venice Province-ch 69th"]
[Site "Venice Mestre"]
[Date "2009.02.01"]
[Round "4"]
[White "Franceschini, Corrado"]
[Black "Bastianello, Tito"]
[Result "1-0"]
[WhiteElo "1765"]
[BlackElo "1566"]
[PlyCount "41"]
[EventDate "2009.01.30"]
[EventType "swiss"]
[EventRounds "5"]
[EventCountry "ITA"]
[SourceTitle "EXT 2022"]
[Source "ChessBase"]
[SourceDate "2021.10.06"]
[SourceVersion "1"]
[SourceVersionDate "2021.10.06"]
[SourceQuality "1"]

1. e4 d6 2. d4 Nf6 3. Nc3 g6 4. Nf3 Bg7 5. Bg5 0-0 6. Bd3 c6 7. Qd2 Nbd7 8. Bh6 Bxh6 9. Qxh6 e5 10. dxe5 Nxe5 11. Nxe5 dxe5 12. 0-0-0 Ng4 13. Qd2 Qe7 14. f3 Nf6 15. g4 Be6 16. h4 Rad8 17. h5 Kh8 18. hxg6 fxg6 19. Qg5 Bf7 20. Rh2 Rg8 21. Rxh7+ 1-0

[Event "Venice Province-ch 69th"]
[Site "Venice Mestre"]
[Date "2009.01.31"]
[Round "3"]
[White "Litrico, Paolo"]
[Black "Franceschini, Corrado"]
[Result "1-0"]
[WhiteElo "1885"]
[BlackElo "1765"]
[PlyCount "93"]
[EventDate "2009.01.30"]
[EventType "swiss"]
[EventRounds "5"]
[EventCountry "ITA"]
[SourceTitle "EXT 2022"]
[Source "ChessBase"]
[SourceDate "2021.10.06"]
[SourceVersion "1"]
[SourceVersionDate "2021.10.06"]
[SourceQuality "1"]

1. d4 Nf6 2. Nf3 d6 3. Nc3 g6 4. e4 Bg7 5. Be3 0-0 6. Qd2 e5 7. Bh6 Nc6 8. Bxg7 Kxg7 9. d5 Ne7 10. 0-0-0 Nh5 11. g3 a6 12. Nh4 b5 13. Be2 Nf6 14. f3 b4 15. Nb1 a5 16. g4 Nd7 17. Rdg1 Nc5 18. Nf5+ Nxf5 19. gxf5 Rb8 20. h4 h6 21. Rg2 Kh7 22. Rhg1 Rg8 23. Qe1 a4 24. Nd2 b3 25. cxb3 axb3 26. a3 Bd7 27. Rg4 Qf6 28. Qg3 Bb5 29. fxg6+ Rxg6 30. Bxb5 Rxb5 31. h5 Rxg4 32. Qxg4 Rb8 33. Kb1 Kh8 34. Nc4 Nd3 35. Ne3 Qg5 36. Qxg5 hxg5 37. Rxg5 Rg8 38. Rxg8+ Kxg8 39. a4 Kh7 40. a5 Nc5 41. Nf1 Kh6 42. Ng3 Kg5 43. Kc1 Nd3+ 44. Kd2 Nxb2 45. a6 Nc4+ 46. Kc3 b2 47. Kc2 1-0

[Event "Venice Province-ch 69th"]
[Site "Venice Mestre"]
[Date "2009.01.30"]
[Round "1"]
[White "Franceschini, Corrado"]
[Black "Bellon, Antonio"]
[Result "1-0"]
[WhiteElo "1765"]
[BlackElo "1398"]
[PlyCount "41"]
[EventDate "2009.01.30"]
[EventType "swiss"]
[EventRounds "5"]
[EventCountry "ITA"]
[SourceTitle "EXT 2022"]
[Source "ChessBase"]
[SourceDate "2021.10.06"]
[SourceVersion "1"]
[SourceVersionDate "2021.10.06"]
[SourceQuality "1"]

1. e4 e5 2. Nf3 Nc6 3. Bb5 Nf6 4. 0-0 Bc5 5. d3 d6 6. Nc3 Bd7 7. Bg5 0-0 8. Nd5 a6 9. Ba4 Kh8 10. c3 Be6 11. Nxf6 gxf6 12. Bh4 d5 13. Bxc6 bxc6 14. Nxe5 dxe4 15. Nxc6 Qxd3 16. Bxf6+ Kg8 17. Qh5 Qd2 18. Qxc5 Rae8 19. Rad1 Qf4 20. Ne7+ Rxe7 21. Qxe7 1-0